书目信息 |
| 题名: |
毛泽东 邓小平 江泽民论教育
|
|
| 作者: | ;中华人民共和国教育部 , 中共中央文献研究室 编 | |
| 分册: | ||
| 出版信息: | 北京 中央文献出版社 2002 |
|
| 页数: | 299页 | |
| 开本: | 20cm | |
| 丛书名: | ||
| 单 册: | ||
| 中图分类: | A841.67 | |
| 科图分类: | ||
| 主题词: | 邓小平 (1904~1997)--教育工作--文集 | |
| 电子资源: | ||
| ISBN: | 7-5073-1152-X | |
| 000 | 00834nam0 2200205 450 | |
| 001 | 0763072254 | |
| 005 | 20070728163538.26 | |
| 010 | @a7-5073-1152-X@dCNY16.00 | |
| 100 | @a20070726d2002 km y0chiy0120 ea | |
| 101 | 0 | @achi |
| 102 | @aCN@b110000 | |
| 200 | 1 | @a毛泽东 邓小平 江泽民论教育@Amao ze dong deng xiao ping jiang ze min lun jiao yu@f中华人民共和国教育部,中共中央文献研究室编@Fzhong hua ren min gong he guo jiao yu bu,zhong gong zhong yang wen xian yan jiu shi bian |
| 210 | @a北京@c中央文献出版社@d2002 | |
| 215 | @a299页@d20cm | |
| 606 | 0 | @a邓小平 (1904~1997)@x教育工作@x文集 |
| 690 | @aA841.67@v3 | |
| 711 | 02 | @a中华人民共和国教育部@Azhong hua ren min gong he guo jiao yu bu@4编 |
| 711 | 02 | @a中共中央文献研究室@Azhong gong zhong yang wen xian yan jiu shi@4编 |
| 801 | 0 | @aCN@bPFT@c20070728 |
| 905 | @a10447@dA841.67@e124 | |
| 毛泽东 邓小平 江泽民论教育/中华人民共和国教育部,中共中央文献研究室编.-北京:中央文献出版社,2002 |
| 299页;20cm |
| ISBN 7-5073-1152-X:CNY16.00 |
| ● |
| 相关链接 |
|
|
|
|
正题名:毛泽东 邓小平 江泽民论教育
索取号:A841.67/124
 
预约/预借
| 序号 | 登录号 | 条形码 | 馆藏地/架位号 | 状态 | 备注 |
| 1 | 0783998 | 207839981 | 第一样本阅览室/ [索取号:A841.67/124] | 在馆 |